Hooked (Record no. 10631)
[ view plain ]
| 000 -LEADER | |
|---|---|
| fixed length control field | 01251nam a2200337 a 4500 |
| 100 1# - MAIN ENTRY--AUTHOR NAME | |
| Personal name | Dolan, Gabrielle. |
| 245 10 - TITLE STATEMENT | |
| Title | Hooked |
| 260 ## - PUBLICATION, DISTRIBUTION, ETC. (IMPRINT) | |
| Place of publication | Milton, Qld. : |
| Name of publisher | Wiley, |
| Year of publication | 2013. |
| 300 ## - PHYSICAL DESCRIPTION | |
| Number of Pages | xvi, 183 p. |
| 500 ## - GENERAL NOTE | |
| General note | Includes indexes. |
| 650 #0 - SUBJECT ADDED ENTRY--TOPICAL TERM | |
| Topical Term | Business communication. |
| Topical Term | Business presentations. |
| Topical Term | Oral interpretation. |
| Topical Term | Storytelling. |
| Topical Term | Success in business. |
| 700 1# - ADDED ENTRY--PERSONAL NAME | |
| Personal name | Naidu, Yamini. |
| 856 40 - ELECTRONIC LOCATION AND ACCESS | |
| Uniform Resource Identifier | http://site.ebrary.com/lib/rucke/Doc?id=10691504 |
No items available.
